| 000 | 00850nam a22001935i 4500 | ||
|---|---|---|---|
| 001 | 153701 | ||
| 003 | ES-MaACL | ||
| 005 | 20230906205340.0 | ||
| 008 | 040923s1885 sp |||| | spa d | ||
| 110 | 2 |
_aEscuela Especial de Ingenieros de Montes (Madrid) _93567 |
|
| 245 | 1 | 0 | _aInstrucciones y programas para los que deseen ingresar en la Escuela Especial de Ingenieros de Montes. |
| 260 |
_aMadrid : _b[s.n.], _c1885 ( _fImp. de Moreno y Rojas) |
||
| 300 |
_a52 p. ; _c24 cm. |
||
| 530 | _aDisponible en formato digital. | ||
| 610 | 2 | 4 |
_aEscuela Especial de Ingenieros de Montes (Madrid)- _vProgramas de estudio. _9143795 |
| 650 | 4 |
_aIngenieros de montes- _zEspaña. _9142745 |
|
| 852 |
_aES-MaACL _jG-9535(3) _z- Enc. hol. _q- Falto de cub. original |
||
| 856 |
_uhttp://bdh-rd.bne.es/viewer.vm?id=0000114799&page=1 _zBiblioteca Digital Hispánica |
||
| 999 |
_c153701 _d153701 |
||